000 00307nam a22001217a 4500
082 _a174.4
_bGAA/B
100 _aPOONAM GANDHI
245 _aBUSINESS STUDIES
_bA TEXTBOOK FOR CLASS XI
260 _aDELHI
_bDHANPAT RAI & CO
_c2008
300 _a342
650 _aBUSINESS STUDIES FOR CLASS XI
_zINDIA
942 _cBK
999 _c551
_d551